000 00554nam a2200193Ia 4500
005 20250508154022.0
008 008 250505s9999 xx 000 0 eng d
037 _aTextual
040 _aFEDL
_beng
_cFEDL
041 _aeng
_2eng
084 _a428.04, WOR
_qFEDL
100 _aWoolley Edwin C
_9764872
245 0 _aHandbook of writing and speaking : Woolley scott tressler
250 _a2nd
260 _aNew York, USA
_bD C Heath and Company
_c1952
300 _a342p.
942 _cTEXL
_h428.04, WOR
999 _c1347077
_d1347077